21 Random Countries Europe and Americas (mostly) Type In - Statistics

General Stats
  • This quiz has been taken 931 times
    913 since last reset
  • The average score is 19 of 21
Answers on the Map
Answers color-coded by a green-red scale on the quiz's map according to % correct below.
 
Answer Stats
Country % Correct
Argentina
100%
Brazil
100%
Canada
100%
India
100%
Italy
100%
Mexico
100%
Spain
100%
Sweden
100%
China
97%
Denmark
97%
France
97%
Ireland
97%
Madagascar
97%
Mongolia
97%
Portugal
97%
Russia
97%
Serbia
97%
South Korea
97%
Australia
96%
Chile
96%
Germany
96%
Norway
96%
Peru
96%
United States
96%
Cuba
95%
Colombia
94%
Finland
94%
Greece
94%
Iceland
94%
Turkey
94%
Belgium
93%
Bolivia
93%
Japan
93%
South Africa
93%
Saudi Arabia
92%
Haiti
91%
Ukraine
91%
United Kingdom
91%
Uruguay
91%
Afghanistan
90%
Netherlands
90%
Poland
90%
Egypt
88%
Estonia
88%
Hungary
88%
Iran
88%
Switzerland
88%
Austria
87%
Costa Rica
87%
Ecuador
86%
Honduras
86%
Venezuela
86%
Belarus
85%
Lithuania
85%
Romania
85%
North Korea
84%
Pakistan
84%
Panama
83%
Paraguay
83%
Vietnam
83%
Chad
82%
Guatemala
82%
Sudan
81%
Jamaica
79%
Lebanon
79%
Taiwan
79%
Bahamas
76%
Israel
75%
Belize
74%
Dominican Republic
72%
El Salvador
70%
No matching quizzes found
Score Distribution
Percent of People with Each Score
Percentile by Number Answered
Your Score History
You have not taken this quiz since the last reset